Polyatomic Ions #1 - Statistics

General Stats
  • This quiz has been taken 56 times
  • The average score is 20 of 40
Answer Stats
Hint Answer % Correct
NH4 ammonium
88%
OH hydroxide
84%
NO3 nitrate
84%
NO2 nitrite
84%
ClO3 chlorate
80%
ClO2 chlorite
80%
PO4 phosphate
80%
CO3 carbonate
76%
CN cyanide
76%
PO3 phosphite
76%
BrO3 bromate
72%
BrO2 bromite
72%
SO4 sulfate
68%
SO3 sulfite
68%
C2H3O2 acetate
64%
CrO4 chromate
64%
IO3 iodate
60%
IO2 iodite
56%
ClO hypochlorite
52%
ClO4 perchlorate
52%
Cr2O7 dichromate
48%
BrO4 perbromate
48%
IO4 periodate
48%
SeO4 selenate
48%
SeO3 selenite
48%
MnO4 permanganate
44%
BrO hypobromite
40%
IO hypoiodite
40%
AsO3 arsenite
36%
AsO4 arsenate
32%
SiO3 silicate
32%
O2 peroxide
24%
C2O4 oxalate
16%
SCN thiocyanate
16%
N3 azide
12%
HCO3 bicarbonate (hydrogen carbonate)
8%
HPO4 biphosphate (hydrogen phosphate)
8%
HSO4 bisulfate (hydrogen sulfate)
8%
H2PO4 dihydrogen phosphate
8%
HSO3 bisulfite (hydrogen sulfite)
0%
No matching quizzes found
Score Distribution
Percent of People with Each Score
Percentile by Number Answered
Your Score History
You have not taken this quiz